Материалы по режиму рек СССР. Т. 1: Бассейн Каспийского моря (Запись № 13599251)

Подробности
000 -МАРКЕР
контрольное поле 01084nam2a2200253 4500
001 - ИДЕНТИФИКАТОР ЗАПИСИ
контрольное поле rc\2939423
005 - ИДЕНТИФИКАТОР ВЕРСИИ
контрольное поле 20260315055642.0
021 ## - НОМЕР ГОСУДАРСТВЕННОЙ РЕГИСТРАЦИИ
Код страны российская федерация
Номер 2009-78059
Номер Листа государственной регистраци 2555
035 ## - ДРУГИЕ СИСТЕМНЫЕ НОМЕРА
Идентификатор записи (NLR Aleph) 007088320
100 ## - ДАННЫЕ ОБЩЕЙ ОБРАБОТКИ
Данные общей обработки 20110824d1940 u y0rusy50 ca
101 0# - ЯЗЫК РЕСУРСА
Язык текста, звукозаписи и т.д. русский
102 ## - СТРАНА ПУБЛИКАЦИИ ИЛИ ПРОИЗВОДСТВА
Страна публикации российская федерация
105 ## - ПОЛЕ КОДИРОВАННЫХ ДАННЫХ: ТЕКСТОВЫЕ МАТЕРИАЛЫ, МОНОГРАФИЧЕСКИЕ
Кодированные данные о монографическом текстовом документе ba z |||||
200 1# - ЗАГЛАВИЕ И СВЕДЕНИЯ ОБ ОТВЕТСТВЕННОСТИ
Основное заглавие Бассейн Каспийского моря
Первые сведения об ответственности Под ред. Д.А. Данович
Обозначение и номер части Вып. 2
Наименование части Бассейн р. Оки
210 ## - ПУБЛИКАЦИЯ, РАСПРОСТРАНЕНИЕ И ДР.
Дата издания, распространения и т.д. 1940
215 ## - ФИЗИЧЕСКАЯ ХАРАКТЕРИСТИКА
Специфическое обозначение материала и объем 340 с., 1 л. карт.
Другие сведения о физической характеристике табл., граф., карт.
Размеры 26 см
461 #0 - УРОВЕНЬ НАБОРА
Встроенное поле 001rc\2939421
-- 2001#$aМатериалы по режиму рек СССР$fПод общ. ред. Д.Л. Соколовского$vТ. 1
Системный номер (АБИС) связанной записи 6547602
Место публикации Ленинград
Дата публикации 1939
Первые сведения об ответственности Под общ. ред. Д.Л. Соколовского
Имя издателя, распространителя и т.д. Гидрометеорол. изд-во
Заглавие Материалы по режиму рек СССР
Номер тома Т. 1
702 #1 - ИМЯ ЛИЦА - ВТОРИЧНАЯ ОТВЕТСТВЕННОСТЬ
Начальный элемент ввода Данович
Часть имени, кроме начального элемента ввода Д.А.
Код отношения Редактор
801 #0 - ИСТОЧНИК ЗАПИСИ
Страна российская федерация
Организация NLR
Правила каталогизации psbo
801 #1 - ИСТОЧНИК ЗАПИСИ
Страна российская федерация
Организация ELAR
Источник данных rusmarc
852 ## - МЕСТОНАХОЖДЕНИЕ И ШИФР ХРАНЕНИЯ
Идентификатор организации NLR
Шифр хранения (Call Number) 39-19/192
942 ## - ДОПОЛНИТЕЛЬНЫЕ ЭЛЕМЕНТЫ ЗАПИСИ (АБИС)
Тип экземпляра АБИС Неопределено
980 ## - КОЛЛЕКЦИЯ
Название коллекции Национальная библиография

Нет доступных экземпляров.